| 000 | 01829cam a2200385 i 4500 | ||
|---|---|---|---|
| 001 | 23980667 | ||
| 005 | 20250327121558.0 | ||
| 006 | m |o d | | ||
| 007 | cr ||||||||||| | ||
| 008 | 240826s2013 enka ob 001 0 eng | ||
| 010 | _a 2024729334 | ||
| 020 |
_a9780857733795 _qebook |
||
| 020 |
_z9781848857322 _qcloth |
||
| 020 |
_z1848857322 _qcloth |
||
| 040 |
_aDLC _beng _erda _epn _cDLC |
||
| 050 | 0 | 0 | _aKBP144 |
| 082 | 0 | 4 |
_a347.16709 _bKES |
| 100 | 1 |
_aKeshavjee, Mohamed M., _eauthor. _994357 |
|
| 245 | 1 | 0 |
_aIslam, Sharia and alternative dispute resolution : _bmechanisms for legal redress in the Muslim community / _cMohamed M. Keshavjee. |
| 264 | 1 |
_aLondon ; _aNew York : _bI.B. Tauris, _c[2013] |
|
| 300 |
_a1 online resource (xv, 237 pages) : _billustrations. |
||
| 336 |
_atext _btxt _2rdacontent |
||
| 337 |
_acomputer _bc _2rdamedia |
||
| 338 |
_aonline resource _bcr _2rdacarrier |
||
| 504 | _aIncludes bibliographical references (pages 220-231) and index. | ||
| 505 | 0 | _aIntroduction -- The Muslim community in Britain -- Overview of the Hounslow Muslim community -- The Sharia, religious law of Muslims -- The Muslim Law (Shariah) Council (UK) -- The many faces of ADR in Hounslow -- The case for court-invoked adjudication -- Towards an Islamic model of ADR -- Policy considerations. | |
| 588 | _aDescription based on print version record; resource not viewed. | ||
| 650 | 0 | _aIslamic law. | |
| 650 | 0 |
_aDispute resolution (Law) _zIslamic countries. _9128545 |
|
| 650 | 0 |
_aIslamic law _xInterpretation and construction. _9532 |
|
| 776 | 0 | 8 |
_iPrint Version: _tIslam, Sharia and alternative dispute resolution _dLondon ; New York : I.B. Tauris, [2013] _z9781848857322 _w(DLC) 2013363677 |
| 906 |
_a0 _bcbc _corigcop _d1 _eecip _f20 _gy-gencatlg |
||
| 942 |
_2ddc _cBK |
||
| 999 |
_c613484 _d613484 |
||